000 00203 a2200097 4500
001 29056
100 _aThompson W.A
245 _aApplied probability
260 _a
_bRinehart
_c
090 _c19407
_d19407
942 _aNUST-CAE
_cM
_c10455
999 _c264129
_d264129